<?xml version="1.0" encoding="UTF-8"?>
<marc:record xmlns:marc="http://www.loc.gov/MARC21/slim">
   <marc:leader>00000nam a2200000 a 4500</marc:leader>
   <marc:datafield ind1="1" ind2=" " tag="100">
      <marc:subfield code="a">Lukianenko, Sergej</marc:subfield>
      <marc:subfield code="4">aut</marc:subfield>
      <marc:subfield code="e">Verfasser/-in</marc:subfield>
   </marc:datafield>
   <marc:datafield ind1="0" ind2="0" tag="245">
      <marc:subfield code="a">Odyssee im Orient</marc:subfield>
   </marc:datafield>
   <marc:datafield ind1=" " ind2="1" tag="264">
      <marc:subfield code="b">Beltz &amp; Gelberg</marc:subfield>
      <marc:subfield code="c">2013</marc:subfield>
   </marc:datafield>
   <marc:datafield ind1="1" ind2=" " tag="490">
      <marc:subfield code="a">Trix Solier</marc:subfield>
   </marc:datafield>
   <marc:datafield ind1="1" ind2=" " tag="520">
      <marc:subfield code="a">Trix Solier träumt von großen Heldentaten – und verbringt stattdessen seine Lehrzeit mit ordinärer Küchenmagie.

Als ihn ein Drache als »Kerlchen« bezeichnet, hat er endgültig die Nase voll. Es ist Zeit für ein neues Abenteuer! Im fernen Samarschan lauert der Mineralisierte Prophet und will die ganze Welt unterwerfen. Zusammen mit Fürstin Tiana, dem gewitzten Klaro und Annette, der rauschkrautsüchtigen Fee, begibt sich Trix auf die Jagd nach dem mächtigsten Wesen der Welt ...</marc:subfield>
   </marc:datafield>
   <marc:datafield ind1=" " ind2=" " tag="020">
      <marc:subfield code="a">9783407744296</marc:subfield>
      <marc:subfield code="9">9783407744296</marc:subfield>
   </marc:datafield>
</marc:record>
